000 00312nam a22001337a 4500
008 180920b xxu||||| |||| 00| 0 eng d
020 _a086656658
041 _aeng
080 _a316
100 _a51
101 _aSOC
245 _aWomen Power And Therapy Issues For Women
_cBraude.M
942 _2udc
_cBK
999 _c48095
_d48095